Aquí y ahora /

En esta obra se plasma una serie de entrevistas que el periodista francces Guy Claisse le hizo al entonces opositor socialista francés, François Mitterrand, quien expone su punto de vista sobre aspectos diversos de la política francesa, desde su perspectiva de izquierda europea. El mismo año de esta...

Descripción completa

Guardado en:
Detalles Bibliográficos
Autor principal: Mitterrand, François (autor)
Otros autores: Claisse, Guy (entrevista) (entrevista), González, Felipe (prólogo) (prólogo)
Formato: Libro
Idioma:Español
Publicado: Barcelona, España : Argos Vergara, 1981, c1981
Temas:
Etiquetas: Agrega una etiqueta
Sin etiquetas, Sé el primero en etiquetar este registro!

MARC

LEADER 00000nam^a2200000^a^4500
001 000181297
005 20250521000000.0
009 20260310101929.222
020 |a 84-7178-347-9 
037 |a Acervo ITESO - Biblioteca 
041 |a ESP 
082 |a 320. 94408  |b MIT 
100 |a Mitterrand, François  |e (autor) 
245 1 0 |a Aquí y ahora /  |c F. Mitterrand ; entrevistado por G. Claisse ; pról. de F. González. 
264 4 |a Barcelona, España :  |b Argos Vergara,  |c 1981, c1981 
300 |a 270 p. 
336 |a texto  |b txt  |2 rdacontenido 
337 |a sin mediación  |b n  |2 rdamedio 
338 |a volumen  |b nc  |2 rdasoporte 
500 |a Traducción de: Ici et maintenant 
520 |a En esta obra se plasma una serie de entrevistas que el periodista francces Guy Claisse le hizo al entonces opositor socialista francés, François Mitterrand, quien expone su punto de vista sobre aspectos diversos de la política francesa, desde su perspectiva de izquierda europea. El mismo año de esta edición, Mitterrand fue electo presidente de la República francesa y duraría en el poder hasta 1995. 
649 |a XX 
650 |a Políticos Franceses -  |x Entrevistas 
650 |a Políticos Franceses -  |x Memorias 
650 |a Jefes de Estado Franceses -  |x Entrevistas 
650 |a Jefes de Estado Franceses -  |x Memorias 
650 |a Memorias Francesas 
650 |a Socialismo -  |z Francia -  |x Historia -  |y 1974-1981 
650 |a Partido Comunista -  |z Francia -  |x Historia 
650 |a Derecha, La -  |z Francia -  |x Historia 
650 |a Iglesia y Problemas Sociales -  |z Francia -  |x Historia 
650 |a Política y Religión -  |z Francia -  |x Historia 
650 |a Empleo y Desempleo -  |z Francia -  |x Historia 
650 |a Sindicalismo -  |z Francia -  |x Historia 
650 |a Política Exterior -  |z Francia -  |x Historia 
650 |a Política -  |z Francia -  |x Historia -  |y 1974-1981 
650 |a Francia -  |x Historia -  |y 1974-1981 
650 |a Francia -  |x Historia -  |y Siglo XX 
650 |a Giscard D'Estaing, Valéry 
700 |a Claisse, Guy  |e (entrevista) 
700 |a González, Felipe  |e (prólogo) 
910 |a Fondo General 
920 |a Impresos - Libros 
930 |a Colección General 
905 |a 101 
901 |a 0500121296  |b IT1  |c ACC  |u 20250521 
902 |a https://opac.biblio.iteso.mx/vufind/Record/000181297